[Event "Petra"]
[Site "Petra"]
[Date "2010.12.17"]
[Round "9"]
[White "Lalic, Bogdan"]
[Black "Dovramadjiev, Tihomir"]
[Result "1/2-1/2"]
[WhiteElo "2495"]
[BlackElo "2342"]
[PlyCount "79"]
[EventDate "2010.12.11"]
[EventType "tourn"]
[EventRounds "9"]
[EventCountry "ESP"]
[EventCategory "4"]
[SourceTitle "CBM 139 Extra"]
[Source "ChessBase"]
[SourceDate "2011.01.05"]
[SourceVersion "1"]
[SourceVersionDate "2011.01.05"]
[SourceQuality "1"]

1. d4 d5 2. c4 e6 3. Nf3 c6 4. Nc3 Nf6 5. Qd3 dxc4 6. Qxc4 b5 7. Qd3 a6 8. e4 c5 9. dxc5 Qxd3 10. Bxd3 Bxc5 11. e5 Nfd7 12. Be4 Ra7 13. 0-0 0-0 14. Bf4 Bb7 15. Bxb7 Rxb7 16. Ne4 Rc7 17. a4 bxa4 18. Rxa4 Rfc8 19. g3 Nb6 20. Raa1 Nd5 21. Bd2 h6 22. Rfc1 Be7 23. Rxc7 Rxc7 24. Rc1 Rxc1+ 25. Bxc1 Nc6 26. Kf1 Kf8 27. Ke2 Ke8 28. g4 Kd7 29. h4 Kc7 30. h5 Kb6 31. g5 hxg5 32. Nexg5 Nd8 33. Kd3 Kc5 34. Ne4+ Kb6 35. h6 gxh6 36. Bxh6 Nc6 37. Bd2 Bd8 38. Nd6 f6 39. exf6 Nxf6 40. b3 1/2-1/2

[Event "Petra"]
[Site "Petra"]
[Date "2010.12.11"]
[Round "1"]
[White "Dovramadjiev, Tihomir"]
[Black "Ducros Salva, Antonio"]
[Result "1/2-1/2"]
[WhiteElo "2342"]
[BlackElo "2254"]
[PlyCount "157"]
[EventDate "2010.12.11"]
[EventType "tourn"]
[EventRounds "9"]
[EventCountry "ESP"]
[EventCategory "4"]
[SourceTitle "CBM 139 Extra"]
[Source "ChessBase"]
[SourceDate "2011.01.05"]
[SourceVersion "1"]
[SourceVersionDate "2011.01.05"]
[SourceQuality "1"]

1. c4 e5 2. g3 d6 3. Bg2 g6 4. Nc3 Bg7 5. d3 f5 6. e3 Nf6 7. Nge2 c6 8. f4 0-0 9. 0-0 a5 10. Rb1 Be6 11. h3 Re8 12. Kh2 Na6 13. a3 Nc7 14. b4 axb4 15. axb4 Bf7 16. Qc2 d5 17. cxd5 Nfxd5 18. Nxd5 Bxd5 19. e4 Be6 20. fxe5 Bxe5 21. d4 Bg7 22. b5 Ra2 23. Rb2 Rxb2 24. Bxb2 Nxb5 25. d5 Bxb2 26. Qxb2 Bd7 27. exf5 gxf5 28. dxc6 bxc6 29. Rd1 Qe7 30. Nf4 Nc7 31. Qb7 Nd5 32. Rxd5 cxd5 33. Nxd5 Qd6 34. Qxd7 Qxd7 35. Nf6+ Kf7 36. Nxd7 Re3 37. Nb6 Ra3 38. Nd5 Ke6 39. h4 Ke5 40. Nf4 Ra4 41. Nh5 Rc4 42. Kg1 Rc2 43. Kh2 Rc4 44. Kh3 Rc3 45. Bf1 Rc2 46. Bd3 Rd2 47. Bc4 Rc2 48. Bg8 h6 49. Nf4 Rd2 50. Bf7 Kf6 51. Bc4 Ke5 52. Be2 Ke4 53. Kg2 Ke3 54. Kf1 Ra2 55. Ng2+ Ke4 56. Kf2 Rb2 57. Nf4 Ra2 58. Nh5 Rd2 59. Nf6+ Ke5 60. Ng8 Rd6 61. Kf3 Rb6 62. h5 Rb3+ 63. Kf2 Rb6 64. Ke3 Ra6 65. Bd3 Re6 66. Kf3 Rd6 67. Ke2 Rc6 68. Ke3 Rb6 69. Ne7 Rb3 70. Ng8 Rb6 71. Bc2 Rb2 72. Ba4 Rb6 73. Kf3 Ra6 74. Bd1 Ra3+ 75. Kf2 Ra6 76. Kg2 Rd6 77. Be2 Rb6 78. Bc4 f4 79. Bf7 1/2-1/2

[Event "Ilyumzhinov Cup"]
[Site "Internet"]
[Date "2006.05.06"]
[Round "?"]
[White "Andriasian, Zaven"]
[Black "Dovramadjiev, Tihomir"]
[Result "1-0"]
[WhiteElo "2460"]
[BlackElo "2342"]
[PlyCount "49"]
[EventDate "2006.05.06"]
[EventType "swiss"]
[EventRounds "13"]
[EventCountry "RUS"]
[SourceTitle "CBM 112 Extra"]
[Source "ChessBase"]
[SourceDate "2006.07.14"]
[SourceVersion "1"]
[SourceVersionDate "2006.07.14"]
[SourceQuality "1"]

1. e4 c5 2. Nf3 g6 3. Nc3 Bg7 4. h4 Nf6 5. Bc4 Nc6 6. e5 Nh5 7. Qe2 Nf4 8. Qe4 Ne6 9. h5 d6 10. exd6 Qxd6 11. 0-0 a6 12. a4 Ned4 13. Nxd4 Nxd4 14. d3 Nxc2 15. Bf4 Qd7 16. Nd5 Nxa1 17. Nc7+ Kf8 18. Nxa8 Nc2 19. Nb6 Qd8 20. Nxc8 Qxc8 21. h6 Bf6 22. Rc1 Nd4 23. Be5 Qf5 24. Qxb7 Ne2+ 25. Kf1 1-0

[Event "Ilyumzhinov Cup"]
[Site "Internet"]
[Date "2006.05.06"]
[Round "?"]
[White "Dovramadjiev, Tihomir"]
[Black "Harutjunyan, Gevorg"]
[Result "1-0"]
[WhiteElo "2342"]
[BlackElo "2417"]
[PlyCount "197"]
[EventDate "2006.05.06"]
[EventType "swiss"]
[EventRounds "13"]
[EventCountry "RUS"]
[SourceTitle "CBM 112 Extra"]
[Source "ChessBase"]
[SourceDate "2006.07.14"]
[SourceVersion "1"]
[SourceVersionDate "2006.07.14"]
[SourceQuality "1"]

1. c4 c5 2. g3 Nf6 3. Bg2 g6 4. Nc3 Bg7 5. Nh3 0-0 6. Nf4 Nc6 7. 0-0 Rb8 8. b3 a6 9. Bb2 d6 10. d3 Bg4 11. h3 Bd7 12. e3 Qc8 13. Kh2 h5 14. d4 cxd4 15. exd4 Nxd4 16. Ncd5 Nxd5 17. Nxd5 Nc6 18. Bxg7 Kxg7 19. Re1 Be6 20. Nf4 Qd7 21. Qd2 Bf5 22. Rad1 e5 23. Nd5 Nd4 24. Ne3 Be6 25. Nc2 Nxc2 26. Qxc2 b5 27. Rxe5 bxc4 28. bxc4 Qc7 29. Re4 Qa5 30. Rxd6 Bf5 31. Rd5 Bxe4 32. Bxe4 Qb4 33. Qe2 Qe7 34. Qd3 Qf6 35. Kg2 Rb2 36. Bf3 Rxa2 37. c5 Qb2 38. Qe3 Re8 39. Qd4+ Qxd4 40. Rxd4 a5 41. Rd7 Rc2 42. c6 a4 43. Bd5 Rf8 44. Ra7 Rc5 45. Bf3 Rc4 46. Bd5 Rd4 47. Bf3 Rc8 48. h4 Kf6 49. Kf1 Ke5 50. Ke2 Kd6 51. Rxf7 Kc5 52. Ra7 Kb6 53. Rb7+ Ka6 54. Ke3 a3 55. Kxd4 a2 56. Be2+ Ka5 57. Ra7+ Kb6 58. Rxa2 Rxc6 59. Rb2+ Kc7 60. Ke3 Re6+ 61. Kf3 Rf6+ 62. Kg2 Kd8 63. Bd3 Rd6 64. Be4 Ke7 65. Bf3 Kf6 66. Re2 Rd4 67. Re4 Rd3 68. Rf4+ Kg7 69. Be4 Rc3 70. Bf3 Rd3 71. Re4 Rd2 72. Re3 Rd7 73. Re2 Rc7 74. Be4 Re7 75. f3 Re6 76. Rc2 Re7 77. Rc6 Kf7 78. Rxg6 Rxe4 79. fxe4 Kxg6 80. Kf3 Kf6 81. Kf4 Kg6 82. e5 Kh6 83. Kf5 Kg7 84. Kg5 Kf7 85. Kxh5 Ke6 86. Kg6 Kd5 87. h5 Ke6 88. h6 Kd5 89. h7 Ke6 90. h8Q Kd5 91. Qf6 Ke4 92. e6 Kd3 93. e7 Kc4 94. e8Q Kd3 95. Qff7 Kd2 96. Qfd7+ Kc3 97. Qec8+ Kb2 98. Qdb7+ Ka3 99. Qca8# 1-0

[Event "EU-ch Internet Gr-A 3rd"]
[Site "Playchess.com INT"]
[Date "2006.01.22"]
[Round "1.1"]
[White "Dovramadjiev, Tihomir"]
[Black "Baramidze, David"]
[Result "0-1"]
[WhiteElo "2342"]
[BlackElo "2554"]
[PlyCount "106"]
[EventDate "2006.01.22"]
[EventType "tourn (blitz)"]
[EventRounds "12"]
[EventCountry "GER"]
[SourceTitle "EXT 2007"]
[Source "ChessBase"]
[SourceDate "2006.11.23"]
[SourceVersion "1"]
[SourceVersionDate "2006.11.23"]
[SourceQuality "1"]

1. c4 c5 2. g3 Nc6 3. Bg2 g6 4. Nc3 Bg7 5. Nh3 Nf6 6. Nf4 0-0 7. 0-0 Rb8 8. b3 e6 9. Bb2 a6 10. e3 Qc7 11. Qe2 b6 12. Rfd1 Bb7 13. Rac1 Nb4 14. d4 Bxg2 15. Kxg2 cxd4 16. exd4 b5 17. cxb5 axb5 18. Qf3 Qa7 19. a4 bxa4 20. bxa4 Nc6 21. Ba3 Nxd4 22. Qd3 Qa8+ 23. f3 Nb3 24. Rb1 Rfc8 25. Nb5 Nc5 26. Bxc5 Rxc5 27. Qb3 d5 28. Nd3 Rcc8 29. Rdc1 Nd7 30. Qd1 h5 31. Nd6 Rxc1 32. Rxc1 Nb6 33. Rc7 Qxa4 34. Qxa4 Nxa4 35. Nxf7 Nc3 36. Nf4 Rb2+ 37. Kh3 Ne2 38. Nxg6 Ng1+ 39. Kh4 Rxh2+ 40. Kg5 Nxf3+ 41. Kf4 Nd4 42. Ng5 Rc2 43. Ne7+ Kf8 44. Rb7 e5+ 45. Ke3 Re2+ 46. Kd3 e4+ 47. Kc3 Nc6+ 48. Kb3 Rb2+ 49. Ka3 Rxb7 50. Nxc6 e3 51. Ne6+ Kg8 52. Ned8 Rd7 53. Ne6 e2 0-1

[Event "EU-ch Internet Gr-A 3rd"]
[Site "Playchess.com INT"]
[Date "2006.01.22"]
[Round "1.4"]
[White "Dovramadjiev, Tihomir"]
[Black "Dreev, Alexey"]
[Result "0-1"]
[WhiteElo "2342"]
[BlackElo "2697"]
[PlyCount "76"]
[EventDate "2006.01.22"]
[EventType "tourn (blitz)"]
[EventRounds "12"]
[EventCountry "GER"]
[SourceTitle "EXT 2007"]
[Source "ChessBase"]
[SourceDate "2006.11.23"]
[SourceVersion "1"]
[SourceVersionDate "2006.11.23"]
[SourceQuality "1"]

1. c4 c6 2. Nf3 d5 3. e3 Nf6 4. b3 Bg4 5. Bb2 Nbd7 6. Be2 e6 7. 0-0 Bd6 8. Nc3 0-0 9. d4 Qe7 10. Qc2 Bf5 11. Bd3 Bxd3 12. Qxd3 Ba3 13. Bxa3 Qxa3 14. Rab1 Qd6 15. b4 a6 16. a4 dxc4 17. Qxc4 b5 18. Qb3 e5 19. dxe5 Nxe5 20. Nxe5 Qxe5 21. Ne2 Ng4 22. Nf4 g5 23. h3 gxf4 24. exf4 Qxf4 25. hxg4 Qxg4 26. Rbc1 bxa4 27. Qxa4 a5 28. Qxc6 axb4 29. Rc4 Qg6 30. Qxg6+ fxg6 31. Rxb4 Rf7 32. Rb2 h5 33. Rfb1 Raf8 34. Rc1 Kg7 35. Rc6 Rf6 36. Rb7+ R8f7 37. Rxf7+ Kxf7 38. f3 Rxc6 0-1

[Event "EU-ch Internet Gr-A 3rd"]
[Site "Playchess.com INT"]
[Date "2006.01.22"]
[Round "1.1"]
[White "Dreev, Alexey"]
[Black "Dovramadjiev, Tihomir"]
[Result "1-0"]
[WhiteElo "2697"]
[BlackElo "2342"]
[PlyCount "95"]
[EventDate "2006.01.22"]
[EventType "tourn (blitz)"]
[EventRounds "12"]
[EventCountry "GER"]
[SourceTitle "EXT 2007"]
[Source "ChessBase"]
[SourceDate "2006.11.23"]
[SourceVersion "1"]
[SourceVersionDate "2006.11.23"]
[SourceQuality "1"]

1. d4 d5 2. c4 e6 3. Nc3 c6 4. e3 Nf6 5. Nf3 Nbd7 6. Bd3 dxc4 7. Bxc4 b5 8. Bd3 Bb7 9. e4 a6 10. e5 Nd5 11. Nxd5 cxd5 12. 0-0 Be7 13. Bd2 Qb6 14. Qe2 b4 15. h4 h6 16. h5 a5 17. a4 Ba6 18. b3 Bxd3 19. Qxd3 Qa6 20. Qxa6 Rxa6 21. Rfc1 Ra8 22. Rc6 Bd8 23. Rac1 Bb6 24. Be3 Ke7 25. Ne1 Rhb8 26. Nd3 Kd8 27. g4 Rc8 28. f4 Rxc6 29. Rxc6 Rc8 30. Rxc8+ Kxc8 31. g5 Kd8 32. Kg2 Ke8 33. Kf3 f5 34. exf6 gxf6 35. gxh6 Kf7 36. f5 exf5 37. Nf4 Nf8 38. Nxd5 Bd8 39. Nf4 Nh7 40. Ng6 Bc7 41. d5 Bd6 42. Nh4 f4 43. Bxf4 Bxf4 44. Kxf4 Ng5 45. Nf5 Ke8 46. Nd4 Kd7 47. Ne6 Kd6 48. Nxg5 1-0

[Event "EU-ch Internet Cand playoff2 3rd"]
[Site "Playchess.com INT"]
[Date "2006.01.21"]
[Round "4"]
[White "Belov, Vladimir"]
[Black "Dovramadjiev, Tihomir"]
[Result "1-0"]
[WhiteElo "2608"]
[BlackElo "2342"]
[PlyCount "67"]
[EventDate "2006.01.21"]
[EventType "tourn (blitz)"]
[EventRounds "5"]
[EventCountry "GER"]
[SourceTitle "EXT 2007"]
[Source "ChessBase"]
[SourceDate "2006.11.23"]
[SourceVersion "1"]
[SourceVersionDate "2006.11.23"]
[SourceQuality "1"]

1. d4 d5 2. c4 e6 3. Nc3 c6 4. e4 dxe4 5. Nxe4 Bb4+ 6. Bd2 Qxd4 7. Bxb4 Qxe4+ 8. Be2 Na6 9. Ba5 Bd7 10. Qd6 Nf6 11. Nf3 Qf5 12. Ne5 Qxf2+ 13. Kxf2 Ne4+ 14. Kf3 Nxd6 15. Rhd1 Ke7 16. Rxd6 Kxd6 17. Nxf7+ Ke7 18. Nxh8 Rxh8 19. Bc3 Rf8+ 20. Ke3 Rf7 21. b4 Nc7 22. Rd1 Ne8 23. Be5 Rf5 24. Bd4 b6 25. g4 Rf7 26. Be5 Bc8 27. Bf3 Bb7 28. a4 Nf6 29. b5 Nd7 30. Bd6+ Ke8 31. Bxc6 Bxc6 32. bxc6 Nf6 33. c7 Kd7 34. Bg3+ 1-0

[Event "EU-ch Internet Cand 3rd"]
[Site "Playchess.com INT"]
[Date "2006.01.21"]
[Round "13"]
[White "Brener, Ilja"]
[Black "Dovramadjiev, Tihomir"]
[Result "1/2-1/2"]
[WhiteElo "2323"]
[BlackElo "2342"]
[PlyCount "111"]
[EventDate "2006.01.21"]
[EventType "swiss (blitz)"]
[EventRounds "17"]
[EventCountry "GER"]
[SourceTitle "EXT 2007"]
[Source "ChessBase"]
[SourceDate "2006.11.23"]
[SourceVersion "1"]
[SourceVersionDate "2006.11.23"]
[SourceQuality "1"]

1. Nf3 c5 2. g3 g6 3. Bg2 Bg7 4. 0-0 Nf6 5. d4 cxd4 6. Nxd4 0-0 7. c4 d6 8. Nc3 Nbd7 9. b3 Nc5 10. Bb2 Rb8 11. Qd2 Ne6 12. Rad1 a6 13. Nc2 Bd7 14. h3 Re8 15. Kh2 Qa5 16. b4 Qh5 17. Ne3 Bh6 18. f4 Bc6 19. g4 Qh4 20. Ncd5 Bxd5 21. Nxd5 Nxg4+ 22. Kg1 Nf6 23. Bxf6 exf6 24. e4 Rbc8 25. Rc1 Ng7 26. Rc3 Nh5 27. Kh2 Bg7 28. f5 Re5 29. Qf2 Qxf2 30. Rxf2 Rd8 31. Rc1 Bh6 32. Rd1 Bg5 33. b5 a5 34. a4 Bh4 35. Rfd2 Bg3+ 36. Kg1 Ree8 37. b6 Be5 38. Kf2 Rc8 39. Nc7 Re7 40. Ke3 Bf4+ 41. Kf3 Bxd2 42. Rxd2 Rd7 43. Rd5 Rdxc7 44. bxc7 Rxc7 45. Bf1 b6 46. Rxd6 Rb7 47. Bd3 Kg7 48. Be2 g5 49. h4 h6 50. hxg5 hxg5 51. Ke3 Nf4 52. Bf1 Rb8 53. Kf3 Rb7 54. Ke3 Rb8 55. Kf3 Rb7 56. Ke3 1/2-1/2

[Event "EU-ch Internet Cand playoff1 3rd"]
[Site "Playchess.com INT"]
[Date "2006.01.21"]
[Round "1.2"]
[White "Bryzgalin, Kirill"]
[Black "Dovramadjiev, Tihomir"]
[Result "1-0"]
[WhiteElo "2474"]
[BlackElo "2342"]
[PlyCount "85"]
[EventDate "2006.01.21"]
[EventType "match (blitz)"]
[EventRounds "1"]
[EventCountry "GER"]
[SourceTitle "EXT 2007"]
[Source "ChessBase"]
[SourceDate "2006.11.23"]
[SourceVersion "1"]
[SourceVersionDate "2006.11.23"]
[SourceQuality "1"]

1. d4 d5 2. Nf3 e6 3. Bg5 Nf6 4. Nbd2 Be7 5. c3 c5 6. dxc5 Bxc5 7. e3 Nc6 8. Bb5 Bd7 9. 0-0 a6 10. Bd3 b5 11. e4 Be7 12. Bxf6 Bxf6 13. exd5 exd5 14. Re1+ Be6 15. Bf5 Qd6 16. Ne4 Qe7 17. Nxf6+ gxf6 18. Nd4 Nxd4 19. Qxd4 Kf8 20. Re3 Re8 21. Rae1 Bxf5 22. Rxe7 Rxe7 23. Rxe7 Kxe7 24. Qa7+ Bd7 25. Qxa6 Rc8 26. Qa3+ Ke6 27. Qa7 Rc4 28. f3 f5 29. Kf2 f4 30. Qb8 Ra4 31. a3 Rc4 32. Qh8 Ke7 33. Qxh7 d4 34. Qe4+ Be6 35. cxd4 Kd6 36. Qxf4+ Kd5 37. Qe4+ Kd6 38. h4 Bd5 39. Qe5+ Kc6 40. h5 Rc2+ 41. Kg3 Rxb2 42. h6 Re2 43. Qxe2 1-0

[Event "EU-ch Internet Cand playoff1 3rd"]
[Site "Playchess.com INT"]
[Date "2006.01.21"]
[Round "1.3"]
[White "Dovramadjiev, Tihomir"]
[Black "Bryzgalin, Kirill"]
[Result "1-0"]
[WhiteElo "2342"]
[BlackElo "2474"]
[PlyCount "243"]
[EventDate "2006.01.21"]
[EventType "match (blitz)"]
[EventRounds "1"]
[EventCountry "GER"]
[SourceTitle "EXT 2007"]
[Source "ChessBase"]
[SourceDate "2006.11.23"]
[SourceVersion "1"]
[SourceVersionDate "2006.11.23"]
[SourceQuality "1"]

1. c4 Nf6 2. g3 c6 3. Nf3 d5 4. b3 Bf5 5. Bg2 e6 6. 0-0 Nbd7 7. Bb2 h6 8. d3 Be7 9. Nbd2 0-0 10. a3 Bh7 11. Qc2 a5 12. Bc3 Re8 13. Qb2 Qb6 14. b4 axb4 15. axb4 Qc7 16. c5 b6 17. Ne5 bxc5 18. Nxd7 Qxd7 19. bxc5 Rab8 20. Qa3 Rb5 21. Bd4 Reb8 22. Rfb1 Rxb1+ 23. Rxb1 Rxb1+ 24. Nxb1 Qb7 25. Nd2 Nd7 26. f4 Bf5 27. h3 Qb5 28. Nb3 Bf6 29. e4 Bg6 30. Bxf6 gxf6 31. exd5 exd5 32. d4 Be4 33. Qb2 f5 34. Bf1 Qb4 35. Kf2 Kg7 36. Be2 Nf6 37. Ke3 Nd7 38. Kf2 Nf8 39. Bd1 Ne6 40. Qd2 Qxd2+ 41. Nxd2 Nxd4 42. Ba4 Ne6 43. Bxc6 Nxc5 44. Ke3 Kf6 45. Bb5 Ke6 46. Bc6 Kd6 47. Be8 f6 48. Bb5 Ne6 49. Nb3 Bg2 50. h4 Ng7 51. Nd4 Be4 52. Be2 Ne6 53. Bh5 Nxd4 54. Kxd4 Ke6 55. Bg6 Kd6 56. Bh5 Ke6 57. Kc5 Bg2 58. Be2 Be4 59. Bb5 Bf3 60. Bd3 Be4 61. Ba6 Bf3 62. Bc8+ Ke7 63. Bxf5 Be4 64. Bg4 Kf7 65. Bd1 Kg7 66. Bb3 Bg2 67. Bxd5 Bh3 68. Kd6 Bg4 69. Be6 Bd1 70. Ke7 Bc2 71. Kd6 Bd1 72. Kc5 Bc2 73. Kd4 Bd1 74. Ke3 Bh5 75. Kf2 Be8 76. Bh3 Bb5 77. Bg2 Bd7 78. Bf3 Be6 79. g4 Bf7 80. Kg3 Be6 81. Be4 Bf7 82. Kf3 Be8 83. Kg3 Bf7 84. Bf5 Be8 85. Be6 Ba4 86. Kf3 Bd1+ 87. Ke3 Bc2 88. Kd4 Ba4 89. Kc5 Bd1 90. Kd6 Bf3 91. Ke7 Bd1 92. Bf5 Be2 93. Be6 Bd1 94. Kd6 Be2 95. Kc5 Bd1 96. Kd4 Ba4 97. Ke3 Be8 98. Bf5 Bb5 99. Kf3 Bc6+ 100. Kg3 Bb5 101. Be4 Ba4 102. Bf3 Bb3 103. g5 Bf7 104. gxf6+ Kxf6 105. Bg4 Bg6 106. Bf3 Bd3 107. Bg2 Bf5 108. Bh3 Bg6 109. Bg4 Bf7 110. Bh3 Bg6 111. Bg2 Bf7 112. Bf3 Bg8 113. Kf2 Bf7 114. Ke3 Be6 115. h5 Bf7 116. Be4 Be6 117. Bg6 Bf7 118. Bxf7 Kxf7 119. Ke4 Kf6 120. Kf3 Kf5 121. Kg3 Kf6 122. Kg4 1-0

[Event "EU-ch Internet Cand 3rd"]
[Site "Playchess.com INT"]
[Date "2006.01.21"]
[Round "15"]
[White "Dovramadjiev, Tihomir"]
[Black "Timofeev, Artyom"]
[Result "1-0"]
[WhiteElo "2342"]
[BlackElo "2653"]
[PlyCount "101"]
[EventDate "2006.01.21"]
[EventType "swiss (blitz)"]
[EventRounds "17"]
[EventCountry "GER"]
[SourceTitle "EXT 2007"]
[Source "ChessBase"]
[SourceDate "2006.11.23"]
[SourceVersion "1"]
[SourceVersionDate "2006.11.23"]
[SourceQuality "1"]

1. c4 Nf6 2. g3 g6 3. Bg2 c5 4. Nc3 Bg7 5. Nh3 0-0 6. Nf4 Nc6 7. 0-0 b6 8. b3 Bb7 9. Bb2 e6 10. e3 Na5 11. Bxb7 Nxb7 12. Qf3 Na5 13. Rab1 Rc8 14. Rfd1 Nc6 15. d4 cxd4 16. exd4 d5 17. cxd5 exd5 18. Ncxd5 Nxd5 19. Nxd5 Qd6 20. Nf4 Nxd4 21. Bxd4 Bxd4 22. Ne2 Bxf2+ 23. Qxf2 Qa3 24. Nf4 Rc5 25. Rd5 Rc3 26. Rbd1 a5 27. Rd8 a4 28. Rxf8+ Kxf8 29. Qxb6 Rc8 30. Rd8+ Rxd8 31. Qxd8+ Kg7 32. Qd4+ Kg8 33. Qxa4 Qc1+ 34. Kf2 Qc5+ 35. Kf3 g5 36. Qe8+ Kg7 37. Nd3 Qf5+ 38. Ke3 Qf1 39. Qe5+ f6 40. Qe7+ Kg6 41. Qe4+ Kg7 42. Qf3 Qb1 43. Qf2 Qd1 44. b4 Qb1 45. a4 Qb3 46. a5 Qe6+ 47. Kd2 Qa2+ 48. Kc3 Qa1+ 49. Qb2 Qh1 50. b5 Qd5 51. a6 1-0

[Event "EU-ch Internet Cand playoff2 3rd"]
[Site "Playchess.com INT"]
[Date "2006.01.21"]
[Round "1"]
[White "Drozdovskij, Yuri"]
[Black "Dovramadjiev, Tihomir"]
[Result "1-0"]
[WhiteElo "2509"]
[BlackElo "2342"]
[PlyCount "83"]
[EventDate "2006.01.21"]
[EventType "tourn (blitz)"]
[EventRounds "5"]
[EventCountry "GER"]
[SourceTitle "EXT 2007"]
[Source "ChessBase"]
[SourceDate "2006.11.23"]
[SourceVersion "1"]
[SourceVersionDate "2006.11.23"]
[SourceQuality "1"]

1. d4 d5 2. c4 e6 3. Nc3 c6 4. e3 Nf6 5. Nf3 Nbd7 6. Qc2 Bd6 7. Bd3 dxc4 8. Bxc4 Qe7 9. 0-0 0-0 10. Ne2 e5 11. Ng3 Nb6 12. dxe5 Nxc4 13. exf6 Qxf6 14. Qxc4 Be6 15. Qc2 Bc7 16. Nd4 Bd5 17. Bd2 Qg5 18. Qf5 Qe7 19. Bc3 g6 20. Qc2 h5 21. e4 Bc4 22. Rfe1 h4 23. Nf1 Rad8 24. Ne3 Ba6 25. Rad1 h3 26. g3 Rfe8 27. Ng4 f6 28. Nb3 Be5 29. Nxe5 fxe5 30. Qc1 Qf6 31. f4 Rxd1 32. Qxd1 Qe6 33. Nc5 Qxa2 34. Qd7 Qf7 35. Qxf7+ Kxf7 36. Nxa6 bxa6 37. Bxe5 Rd8 38. Bc3 Ke6 39. Kf2 Rb8 40. g4 Rb6 41. f5+ Kf7 42. e5 1-0

[Event "Dia De Internet op"]
[Site "Playchess.com INT"]
[Date "2005.10.22"]
[Round "11"]
[White "Dovramadjiev, Tihomir"]
[Black "Golod, Vitali"]
[Result "1/2-1/2"]
[WhiteElo "2342"]
[BlackElo "2582"]
[PlyCount "120"]
[EventDate "2005.10.22"]
[EventType "swiss (blitz)"]
[EventRounds "13"]
[EventCountry "GER"]
[SourceTitle "EXT 2007"]
[Source "ChessBase"]
[SourceDate "2006.11.23"]
[SourceVersion "1"]
[SourceVersionDate "2006.11.23"]
[SourceQuality "1"]

1. c4 e5 2. g3 Nf6 3. Bg2 c6 4. d4 Bb4+ 5. Bd2 Bxd2+ 6. Qxd2 d6 7. Nc3 0-0 8. dxe5 dxe5 9. Qxd8 Rxd8 10. Nf3 Re8 11. 0-0-0 Na6 12. Ng5 Be6 13. b3 Nc5 14. Nge4 Nfxe4 15. Nxe4 Nxe4 16. Bxe4 Kf8 17. Kb2 Ke7 18. Kc3 a5 19. a3 h5 20. Bf3 g6 21. h4 Red8 22. e3 Rdc8 23. c5 b6 24. cxb6 Rab8 25. Be2 Rxb6 26. Bc4 Rcb8 27. Bxe6 Kxe6 28. Rb1 c5 29. Rb2 Kd5 30. Rd1+ Kc6 31. Kc4 a4 32. Rdb1 Rb5 33. b4 cxb4 34. Rxb4 Rc5+ 35. Kd3 Rd8+ 36. Ke4 f5+ 37. Kf3 e4+ 38. Kf4 Rd2 39. Rb6+ Kd5 40. Kg5 Rc6 41. Rxc6 Kxc6 42. Kxg6 Rxf2 43. Rb4 Rf3 44. Rxa4 Rxg3+ 45. Kxf5 Rxe3 46. Rxe4 Rxa3 47. Kg6 Ra5 48. Rf4 Kd7 49. Rf5 Ra6+ 50. Kxh5 Ke7 51. Kg5 Ra1 52. h5 Rg1+ 53. Kh6 Ke6 54. Rg5 Rxg5 55. Kxg5 Kf7 56. Kh6 Kg8 57. Kg6 Kh8 58. Kh6 Kg8 59. Kg6 Kh8 60. Kh6 Kg8 1/2-1/2

[Event "Champions Challenge 100th"]
[Site "Playchess.com INT"]
[Date "2005.06.25"]
[Round "4.1"]
[White "Dovramadjiev, Tihomir"]
[Black "Bykhovsky, Anatoly"]
[Result "0-1"]
[WhiteElo "2332"]
[BlackElo "2368"]
[PlyCount "70"]
[EventDate "2005.06.25"]
[EventType "k.o. (blitz)"]
[EventRounds "5"]
[EventCountry "GER"]
[SourceTitle "EXT 2007"]
[Source "ChessBase"]
[SourceDate "2006.11.23"]
[SourceVersion "1"]
[SourceVersionDate "2006.11.23"]
[SourceQuality "1"]

1. c4 e5 2. g3 Nc6 3. Bg2 g6 4. Nc3 Bg7 5. d3 d6 6. e3 Nf6 7. Nge2 0-0 8. Rb1 a5 9. a3 Be6 10. Nd5 Ne8 11. b4 axb4 12. axb4 Qd7 13. 0-0 Bh3 14. b5 Nd8 15. Bb2 Bxg2 16. Kxg2 f5 17. Ra1 Rxa1 18. Qxa1 c6 19. Nb6 Qc7 20. Qa7 cxb5 21. Nd5 Qf7 22. Ba3 e4 23. Rd1 exd3 24. Rxd3 bxc4 25. Rd1 Nc6 26. Qa4 Ne5 27. f4 Ng4 28. h3 Nef6 29. Nec3 Nxd5 30. Nxd5 Nf6 31. Qxc4 Nxd5 32. Rxd5 Ra8 33. Bxd6 Rd8 34. e4 fxe4 35. f5 gxf5 0-1

[Event "Champions Challenge 100th"]
[Site "Playchess.com INT"]
[Date "2005.06.25"]
[Round "3.5"]
[White "Dovramadjiev, Tihomir"]
[Black "Jenni, Florian"]
[Result "0-1"]
[WhiteElo "2332"]
[BlackElo "2491"]
[PlyCount "212"]
[EventDate "2005.06.25"]
[EventType "k.o. (blitz)"]
[EventRounds "5"]
[EventCountry "GER"]
[SourceTitle "EXT 2007"]
[Source "ChessBase"]
[SourceDate "2006.11.23"]
[SourceVersion "1"]
[SourceVersionDate "2006.11.23"]
[SourceQuality "1"]

1. c4 Nf6 2. Nf3 g6 3. g3 Bg7 4. Bg2 0-0 5. 0-0 d6 6. Nc3 c6 7. d3 a6 8. Rb1 b5 9. Nd2 Be6 10. b3 d5 11. Bb2 Nbd7 12. cxd5 cxd5 13. e4 Nc5 14. e5 Nfd7 15. d4 Nd3 16. Ba1 Nb6 17. b4 Nc4 18. Nf3 Bf5 19. Nh4 Nxf2 20. Rxf2 Bxb1 21. Qxb1 e6 22. Nf3 Rc8 23. Nd2 Nxd2 24. Rxd2 Qb6 25. Kh1 Rc4 26. Ne2 Rfc8 27. h4 Bh6 28. Rd1 Rc2 29. Bf3 Qc6 30. Kg2 Qc4 31. Kf2 Qxa2 32. Qxa2 Rxa2 33. g4 Bf8 34. Rb1 Bxb4 35. Rxb4 Rxa1 36. h5 Kg7 37. Rb2 g5 38. Ng3 h6 39. Be2 Kf8 40. Nf1 Ke7 41. Nd2 Ra3 42. Nb3 Ra4 43. Rd2 Rb4 44. Nc5 a5 45. Ke3 a4 46. Ra2 Rb1 47. Kd2 Rg1 48. Rb2 Rb8 49. Nxa4 Rg3 50. Nc5 b4 51. Nd3 b3 52. Kc3 Re3 53. Kd2 Rg3 54. Nc5 Rb4 55. Ke1 Rxd4 56. Kf2 Rc3 57. Rxb3 Rxc5 58. Rb7+ Kf8 59. Rb2 Kg7 60. Bf3 Rf4 61. Kg2 Rc3 62. Be2 Re3 63. Rd2 d4 64. Rb2 d3 65. Bd1 Re1 66. Rd2 Rxd1 67. Rxd1 Rxg4+ 68. Kf3 Re4 69. Rxd3 Rxe5 70. Rd7 Rf5+ 71. Kg4 Rf4+ 72. Kg3 Rh4 73. Re7 Rxh5 74. Re8 Rh4 75. Kf3 Rf4+ 76. Kg2 Rf6 77. Kg3 Rg6 78. Re7 g4 79. Rd7 h5 80. Kh4 g3 81. Rd1 g2 82. Rg1 f5 83. Kh3 Kf6 84. Kh2 f4 85. Rxg2 Rxg2+ 86. Kxg2 Kf5 87. Kf3 e5 88. Kf2 e4 89. Ke2 Kg4 90. Kf1 e3 91. Ke2 f3+ 92. Kf1 Kg3 93. Ke1 f2+ 94. Kf1 h4 95. Ke2 Kg2 96. Kxe3 f1Q 97. Ke4 h3 98. Kd4 h2 99. Kd5 h1Q 100. Ke4 Qhg1 101. Ke5 Qgf2 102. Kd5 Q2e2 103. Kd4 Qfd1+ 104. Kc3 Qec2+ 105. Kb4 Qdb1+ 106. Ka3 Qca2# 0-1

[Event "Champions Challenge 100th"]
[Site "Playchess.com INT"]
[Date "2005.06.25"]
[Round "3.4"]
[White "Jenni, Florian"]
[Black "Dovramadjiev, Tihomir"]
[Result "0-1"]
[WhiteElo "2496"]
[BlackElo "2332"]
[PlyCount "52"]
[EventDate "2005.06.25"]
[EventType "k.o. (blitz)"]
[EventRounds "5"]
[EventCountry "GER"]
[SourceTitle "EXT 2007"]
[Source "ChessBase"]
[SourceDate "2006.11.23"]
[SourceVersion "1"]
[SourceVersionDate "2006.11.23"]
[SourceQuality "1"]

1. e4 c5 2. Nf3 Nc6 3. c3 d5 4. exd5 Qxd5 5. d4 Bg4 6. Be2 cxd4 7. cxd4 e6 8. Nc3 Qa5 9. h3 Bh5 10. 0-0 Nf6 11. Ne5 Bxe2 12. Nxc6 Qxc3 13. Qxe2 Qxc6 14. Bg5 Be7 15. d5 Nxd5 16. Bxe7 Nxe7 17. Rac1 Qd7 18. Qe5 0-0 19. Rc7 Qd8 20. Rxb7 Nd5 21. Rd1 Qc8 22. Rb3 Qc2 23. Rd4 Rfc8 24. Rg3 g6 25. Rf3 Qc1+ 26. Kh2 Qc7 0-1